| 000 | 00658nam a2200193Ia 4500 | ||
|---|---|---|---|
| 003 | GCL | ||
| 008 | 140319s9999 xx 000 0 ara d | ||
| 040 |
_aGCL / _cGCL |
||
| 082 | 0 | 4 |
_a817 _bم ط |
| 100 | 1 | _aمحمد شوقى امين (اخراج ومراجع) | |
| 245 | 1 | 0 |
_aطرائف وفكاهات من تراثنا العربى / _cمحمد شوقى امين (اخراج ومراجع) |
| 300 | _a189 ص | ||
| 490 |
_a100 قصة _v0 |
||
| 650 | 0 | 4 | _aالادب العربى |
| 650 | 0 | 4 | _aالاهاجى والفكاهات |
| 650 | 0 | 4 | _aالنوادرالعربية |
| 650 | 0 | 4 | _aالادب الشعبى - العالم العربى |
| 942 |
_2ddc _cBK |
||
| 999 |
_c45586 _d45586 |
||